00721 2200217 4500001002100000005001700021008004100038035002400079043001200103082001400115090001900129245008500148260010300233300002500336500003100361500001100392650004900403700002400452850001200476990001500488YOGYA-0209000005381820090227033208.0 ind  0010-020900000053818 aYOPDYOG a722.59853 a729.59853bArs aArsitektur tradisional daerah Nusa Tenggara BaratcLalu Ahmad Muhidin...[et.al.] aJakartabDepdikbud Proyek Inventarisasi dan Pembinaan nilai-nilai Budaya Nusa Tenggara Baratc1991 a197 hlmbilusc21 cm aBibliografi : hlm. 213-214 aIndeks aArsitektur tradisional - Nusa Tenggara Barat aMUHIDIN, Lalu Ahmad aYOPDYOG aA000016656